The teeny-tiny woman (Record no. 124844)

MARC details
000 -LÍDER
campo de controle de tamanho fixo 00609 a2200205 4500
001 - NÚMERO DE CONTROLE
campo de controle 124844
020 ## - ISBN - INTERNATIONAL STANDARD BOOK NUMBER
ISBN - International Standard Book Number 9780329535964
040 ## - FONTE DA CATALOGAÇÃO
Instituição que transcreveu o registro Escola Canadense de Niteroi
090 ## - NÚMERO DE CHAMADA LOCAL
Número de chamada (OCLC) (R); Número de chamada, CALL (RLIN) (NR) T5 - GAL
100 ## - ENTRADA PRINCIPAL--NOME PESSOAL
Nome pessoal Galdone, Paul
245 10 - TÍTULO
Título The teeny-tiny woman
260 ## - PUBLICAÇÃO, DISTRIBUIÇÃO, ETC.
Local de publicação, distribuição, etc. New York
300 ## - DESCRIÇÃO FÍSICA
Extensão 32 p.
Dimensões 4 x 0.44 x 7.45 inches (hardcover)
362 0# - DATAS DE PUBLICAÇÃO E/OU DESIGNAÇÃO SEQUENCIAL
Datas de publicação e/ou designação sequencial 1984
520 ## - NOTA DE RESUMO, ETC
Resumo, etc. A droll rendition of the old English ghost story about the teeny-tiny woman who found a teeny-tiny bone in the teeny-tiny churchyard.
650 #4 - ASSUNTO--TERMO TÓPICO
Cabeçalho tópico ou nome geográfico Children's Literature
650 #4 - ASSUNTO--TERMO TÓPICO
Cabeçalho tópico ou nome geográfico Fairy Tales
650 #4 - ASSUNTO--TERMO TÓPICO
Cabeçalho tópico ou nome geográfico Folk Tales
942 ## - ELEMENTOS DE ENTRADA ADICIONADOS (KOHA)
Tipo de material Koha Livros
Holdings
Situação do descarte Situação das perdas Situação física Não pode ser emprestado Biblioteca de origem Biblioteca atual Data de aquisição Total de empréstimos Número de chamada completo Código de barras Data de último acesso Data do preço efetivo Tipo de material Koha
        Canadian School of Niterói - Piratininga Canadian School of Niterói - Piratininga 09/02/2024   T5 - GAL A01120 09/02/2024 09/02/2024 Livros